Videogiochi - JRPG - Statistics

Statistiche generali
  • Questo quiz è stato fatto 11 volte
  • Il punteggio medio è 4 su 16
Statistiche sulle risposte
con Immagini Risposta % Corretto
Persona 5
91%
Final Fantasy 7
73%
Final Fantasy X
55%
Dragon Quest XI
27%
Final Fantasy 8
27%
Chrono Trigger
18%
Octopath traveler
18%
The Legend of Dragoon
18%
Xenogears
18%
Bravely default
9%
Legend of Legaia
9%
Lost odyssey
9%
Suikoden 2
9%
Vagrant Story
9%
Koudelka
0%
Rogue galaxy
0%
Nessun quiz corrispondente trovato
Distribuzione punteggi
Percentuale di utenti per punteggio
Percentile per numero di risposta
I tuoi punteggi nel tempo
Non hai fatto questo quiz